<?xml version="1.0" encoding="UTF-8"?>
<record
    xmlns:xsi="http://www.w3.org/2001/XMLSchema-instance"
    xsi:schemaLocation="http://www.loc.gov/MARC21/slim http://www.loc.gov/standards/marcxml/schema/MARC21slim.xsd"
    xmlns="http://www.loc.gov/MARC21/slim">

  <leader>00525nam a2200205Ia 4500</leader>
  <controlfield tag="008">200826s9999||||xx |||||||||||||| ||und||</controlfield>
  <datafield tag="020" ind1=" " ind2=" ">
    <subfield code="a">7511720536</subfield>
  </datafield>
  <datafield tag="020" ind1=" " ind2=" ">
    <subfield code="a">9787511720535</subfield>
  </datafield>
  <datafield tag="041" ind1=" " ind2=" ">
    <subfield code="a">chi</subfield>
  </datafield>
  <datafield tag="050" ind1=" " ind2=" ">
    <subfield code="a">BJ1499.S5  </subfield>
    <subfield code="b">.S86 2014</subfield>
  </datafield>
  <datafield tag="100" ind1=" " ind2=" ">
    <subfield code="a">&#x5B59;&#x5FD7;&#x6D77;</subfield>
  </datafield>
  <datafield tag="245" ind1=" " ind2="0">
    <subfield code="a">&#x9759;&#x89C2;&#x7684;&#x827A;&#x672F; </subfield>
    <subfield code="b"> /</subfield>
    <subfield code="c">&#x5B59;&#x5FD7;&#x6D77;</subfield>
  </datafield>
  <datafield tag="246" ind1=" " ind2=" ">
    <subfield code="a">&#x975C;&#x89C0;&#x7684;&#x85DD;&#x8853;</subfield>
    <subfield code="b">/</subfield>
  </datafield>
  <datafield tag="260" ind1=" " ind2=" ">
    <subfield code="a">&#x5317;&#x4EAC; : </subfield>
    <subfield code="b">&#x4E2D;&#x592E;&#x7F16;&#x8BD1;&#x51FA;&#x7248;&#x793E;,</subfield>
    <subfield code="c">2014</subfield>
  </datafield>
  <datafield tag="300" ind1=" " ind2=" ">
    <subfield code="a">257 p.</subfield>
    <subfield code="b">;</subfield>
    <subfield code="c">24 cm.</subfield>
  </datafield>
  <datafield tag="650" ind1=" " ind2=" ">
    <subfield code="a">Contemplation.</subfield>
  </datafield>
  <datafield tag="650" ind1=" " ind2=" ">
    <subfield code="a">Meditation.</subfield>
  </datafield>
  <datafield tag="650" ind1=" " ind2=" ">
    <subfield code="a">Silence.</subfield>
  </datafield>
  <datafield tag="952" ind1=" " ind2=" ">
    <subfield code="0">0</subfield>
    <subfield code="1">0</subfield>
    <subfield code="4">0</subfield>
    <subfield code="7">0</subfield>
    <subfield code="a">GETS</subfield>
    <subfield code="b">GETS</subfield>
    <subfield code="c">GEN</subfield>
    <subfield code="d">2020-08-26</subfield>
    <subfield code="l">0</subfield>
    <subfield code="o">BJ1499.S5 .S86 2014</subfield>
    <subfield code="p">00009302</subfield>
    <subfield code="r">2020-08-26 00:00:00</subfield>
    <subfield code="w">2020-08-26</subfield>
    <subfield code="y">CB</subfield>
  </datafield>
  <datafield tag="999" ind1=" " ind2=" ">
    <subfield code="c">21651</subfield>
    <subfield code="d">21651</subfield>
  </datafield>
</record>
